ចំនែកថ្នាក់រុក្ខជាតិ( plant classification) (Record no. 8446)

000 -LEADER
fixed length control field 00300nam a22001097a 4500
040 ## - CATALOGING SOURCE
Transcribing agency HS
082 ## - DEWEY DECIMAL CLASSIFICATION NUMBER
Classification number 580
100 ## - MAIN ENTRY--AUTHOR NAME
Personal name គួយ សុផល
245 ## - TITLE STATEMENT
Title ចំនែកថ្នាក់រុក្ខជាតិ( plant classification)
260 ## - PUBLICATION, DISTRIBUTION, ETC. (IMPRINT)
Place of publication RUA
Name of publisher គួយ សុផល
Year of publication 1994
942 ## - ADDED ENTRY ELEMENTS (KOHA)
Koha item type សៀវភៅភាសាខ្មែរ
952 ## - LOCATION AND ITEM INFORMATION (KOHA)
Withdrawn status [LOCAL, KOHA] 0
952 ## - LOCATION AND ITEM INFORMATION (KOHA)
Withdrawn status [LOCAL, KOHA] 0
952 ## - LOCATION AND ITEM INFORMATION (KOHA)
Withdrawn status [LOCAL, KOHA] 0
952 ## - LOCATION AND ITEM INFORMATION (KOHA)
Withdrawn status [LOCAL, KOHA] 0
952 ## - LOCATION AND ITEM INFORMATION (KOHA)
Withdrawn status [LOCAL, KOHA] 0
952 ## - LOCATION AND ITEM INFORMATION (KOHA)
Withdrawn status [LOCAL, KOHA] 0
952 ## - LOCATION AND ITEM INFORMATION (KOHA)
Withdrawn status [LOCAL, KOHA] 0
952 ## - LOCATION AND ITEM INFORMATION (KOHA)
Withdrawn status [LOCAL, KOHA] 0
952 ## - LOCATION AND ITEM INFORMATION (KOHA)
Withdrawn status [LOCAL, KOHA] 0
952 ## - LOCATION AND ITEM INFORMATION (KOHA)
Withdrawn status [LOCAL, KOHA] 0
952 ## - LOCATION AND ITEM INFORMATION (KOHA)
Withdrawn status [LOCAL, KOHA] 0
952 ## - LOCATION AND ITEM INFORMATION (KOHA)
Withdrawn status [LOCAL, KOHA] 0
Holdings
Permanent Location Date acquired Koha item type Lost status Shelving location Barcode Current Location Full call number
Library Block B2016-08-01សៀវភៅភាសាខ្មែរ C162RUA036137Library Block B580 គួយ 1994 C162
Library Block B2016-08-01សៀវភៅភាសាខ្មែរ C162RUA061058Library Block B580 គួយ 1994 C162
Library Block B2016-08-01សៀវភៅភាសាខ្មែរ C162RUA035912Library Block B580 គួយ 1994 C162
Library Block B2016-08-01សៀវភៅភាសាខ្មែរ C162RUA035963Library Block B580 គួយ 1994 C162
Library Block B2016-08-01សៀវភៅភាសាខ្មែរ C162RUA036163Library Block B580 គួយ 1994 C162
Library Block B2016-08-01សៀវភៅភាសាខ្មែរ C162RUA033777Library Block B580 គួយ 1994 C162
Library Block B2016-08-01សៀវភៅភាសាខ្មែរ C162RUA036283Library Block B580 គួយ 1994 C162
Library Block B2016-08-01សៀវភៅភាសាខ្មែរ C162RUA036284Library Block B580 គួយ 1994 C162
Library Block B2016-08-01សៀវភៅភាសាខ្មែរ C162RUA035790Library Block B580 គួយ 1994 C162
Library Block B2016-08-01សៀវភៅភាសាខ្មែរ C162RUA034397Library Block B580 គួយ 1994 C162
Library Block C2016-09-05សៀវភៅភាសាខ្មែរ  RUA034653Library Block C580 គួយ 1994
Library Block C2016-09-05សៀវភៅភាសាខ្មែរ  RUA036241Library Block C580 គួយ 1994
មជ្ឈមណ្ឌលឯការនៃសាកលវិទ្យាល័យភូមិន្ទកសិកម្មចំការដូង

Powered by Koha